00645nam a2200193Ia 4500952014600000999001700146003000400163005001700167008004100184020001800225040000900243082002200252100002600274245004800300260003200348300000800380650001300388942005000401 00102ddc40708SSaMESbMEScMALd2019-02-20g40.00l2m2o894.812301 PAR/Pp34933r2024-11-12 15:38:42s2024-10-16w2019-02-20yBKzGR30R3 c29708d29708OSt20210108122140.0190216s9999||||xx |||||||||||||| ||und|| a9788126406395 coclc a894.812301bPAR/P aParakadavu, P K95449 0aPriyappetta Kochukathakal /cP K Parakadavu bDc Books,c2010.aKottayam: a60p aKathakal cBK2ddch894.812301iPAR/Pk894.812301mPAR/P